000 00389nam a22001697a 4500
005 20180221155906.0
008 160531b xxu||||| |||| 00| 0 eng d
020 _a978-81-8318-823-6
041 _aeng
082 _b6494
_a174.4
100 _aSherlekar, S.A.
_91624
245 _aEthics in Management
260 _bHPH
_c2009
300 _a161
650 _aManagement
_9241
942 _cBK
999 _c2284
_d2283